[Event "13sen.WMH 2003 Senioren"]
[Site "Bad Zwischenahn(17.11.-29.11.2003)"]
[Date "2003.??.??"]
[Round "5.20"]
[White "Kock, Hans-Uwe"]
[Black "Kraidman, Yair"]
[Result "0-1"]
[WhiteElo "2170"]
[BlackElo "2320"]
[PlyCount "78"]


1. d4 d5 2. Nf3 c6 3. e3 Bg4 4. Nbd2 Nd7 5. h3 Bh5 6. c4 e6 7. Be2 Ngf6 8. O-O
Bd6 9. b3 O-O 10. Bb2 Qe7 11. Ne5 Bxe2 12. Qxe2 Ba3 13. Ndf3 Bxb2 14. Qxb2 Ne4
15. Nxd7 Qxd7 16. Ne5 Qc7 17. Rac1 Rae8 18. cxd5 exd5 19. Nd3 Qe7 20. Qe2 f5
21. Rc2 Rf6 22. Re1 Kh8 23. f3 Nd6 24. Ne5 g5 25. Qd1 Rg8 26. Qc1 h5 27. g3 Nf7
28. Nd3 h4 29. Rg2 hxg3 30. Rxg3 Re6 31. Kf2 Qf6 32. f4 Qh6 33. Reg1 Nd6 34.
Ke1 Ne4 35. R3g2 Qxh3 36. fxg5 Rxg5 37. Rxg5 Nxg5 38. Nf2 Rxe3+ 39. Kd2 Qf3 0-1

[Event "13sen.WMH 2003 Senioren"]
[Site "Bad Zwischenahn(17.11.-29.11.2003)"]
[Date "2003.11.29"]
[Round "5.21"]
[White "Ivanets, Vladimir"]
[Black "Hoeschele, Hans-Ulrich"]
[Result "1-0"]
[WhiteElo "2270"]
[BlackElo "2080"]
[PlyCount "93"]


1. e4 g6 2. d4 Bg7 3. c4 c6 4. Nc3 d6 5. Nf3 e5 6. dxe5 dxe5 7. Qxd8+ Kxd8 8.
Be2 Nd7 9. O-O Nh6 10. h3 f6 11. Rd1 Nf7 12. b3 Kc7 13. Be3 Rd8 14. b4 Nf8 15.
Rxd8 Nxd8 16. a4 Nde6 17. a5 f5 18. b5 Nd7 19. Na4 a6 20. Nb6 Rb8 21. Nxd7 Bxd7
22. Bb6+ Kd6 23. bxa6 bxa6 24. c5+ Ke7 25. Bxa6 Bc8 26. Bf1 Bb7 27. a6 Ba8 28.
Bc4 Nf8 29. Bc7 Rb4 30. Bd6+ Ke8 31. Bg8 fxe4 32. Nd2 Nd7 33. Be6 Bh6 34. Nc4
e3 35. Nxe3 Nf6 36. Ng4 Nxg4 37. Bxg4 e4 38. Rd1 Rc4 39. Bc8 e3 40. Re1 Rh4 41.
fxe3 Kd8 42. Be6 Re4 43. Bg4 Bxe3+ 44. Kf1 h5 45. Bf3 Re6 46. Rb1 Kd7 47. Rb8
1-0

[Event "13sen.WMH 2003 Senioren"]
[Site "Bad Zwischenahn(17.11.-29.11.2003)"]
[Date "2003.11.29"]
[Round "5.23"]
[White "Semasev, Kim"]
[Black "Maugg, Ludwig"]
[Result "1/2-1/2"]
[WhiteElo "2269"]
[BlackElo "2043"]
[PlyCount "80"]


1. e4 c5 2. Nf3 Nc6 3. Bb5 g6 4. O-O Bg7 5. Nc3 e5 6. d3 Nge7 7. Bg5 h6 8. Be3
d6 9. Qd2 f5 10. Qd1 f4 11. Bd2 Bg4 12. h3 Be6 13. Bc4 Qd7 14. Bxe6 Qxe6 15.
Nb5 Rc8 16. c4 a6 17. Nc3 g5 18. Nd5 Qg6 19. Rb1 h5 20. g3 g4 21. Nh4 Qg5 22.
Kh2 Nxd5 23. cxd5 Nd4 24. Rg1 O-O 25. Rg2 Rf7 26. hxg4 hxg4 27. Kg1 Bf6 28. Kf1
Rg7 29. Bc3 fxg3 30. fxg3 Qh5 31. Bxd4 Bxh4 32. Be3 Bg5 33. Bxg5 Rxg5 34. Kg1
Qh3 35. Qe2 Rh5 36. Rh2 Qxh2+ 37. Qxh2 Rxh2 38. Kxh2 Rf8 39. Kg2 Rf3 40. Re1
Kg7 1/2-1/2

[Event "13sen.WMH 2003 Senioren"]
[Site "Bad Zwischenahn(17.11.-29.11.2003)"]
[Date "2003.11.29"]
[Round "5.24"]
[White "Schlag, Franz"]
[Black "Kristiansen, Erling"]
[Result "1/2-1/2"]
[WhiteElo "1976"]
[BlackElo "2211"]
[PlyCount "42"]


1. e4 e5 2. Nf3 Nc6 3. Bc4 Nf6 4. O-O Bc5 5. c3 Qe7 6. Bd5 d6 7. d4 Bb6 8. h3
h6 9. a4 a6 10. Na3 Ba7 11. Nc4 exd4 12. Bxc6+ bxc6 13. e5 Ne4 14. cxd4 O-O 15.
Na5 c5 16. Nc6 Qe6 17. Qc2 f5 18. d5 Qe8 19. Ra3 Bb7 20. Qb3 Bxc6 21. dxc6+ Qf7
1/2-1/2

[Event "13sen.WMH 2003 Senioren"]
[Site "Bad Zwischenahn(17.11.-29.11.2003)"]
[Date "2003.11.29"]
[Round "5.25"]
[White "Opl, Klaus,Dr."]
[Black "Potthammel, Joerg"]
[Result "0-1"]
[WhiteElo "2258"]
[BlackElo "1972"]
[PlyCount "70"]


1. d4 Nf6 2. c4 g6 3. Nc3 d5 4. cxd5 Nxd5 5. e4 Nxc3 6. bxc3 Bg7 7. Bc4 c5 8.
Ne2 O-O 9. O-O Nc6 10. Be3 Qc7 11. Rc1 Rd8 12. Qd2 Qa5 13. Rfd1 Bd7 14. Bh6
cxd4 15. Bxg7 Kxg7 16. Qf4 f6 17. cxd4 e5 18. dxe5 Nxe5 19. Bd5 Rac8 20. Bxb7
Rxc1 21. Qxc1 Qb5 22. Nd4 Qxb7 23. Ne6+ Bxe6 24. Rxd8 Bxa2 25. Rd4 Bf7 26. h3
Qb6 27. Qc3 a5 28. Kh2 g5 29. f3 h5 30. h4 gxh4 31. Kh3 Ng6 32. e5 fxe5 33. Re4
Qg1 34. Re1 Nf4+ 35. Kxh4 Qxe1+ 0-1

[Event "13sen.WMH 2003 Senioren"]
[Site "Bad Zwischenahn(17.11.-29.11.2003)"]
[Date "2003.11.29"]
[Round "5.26"]
[White "Niebling, Ferdinand"]
[Black "Rosen, Willy"]
[Result "1/2-1/2"]
[WhiteElo "2068"]
[BlackElo "2222"]
[PlyCount "92"]


1. f4 Nf6 2. Nf3 g6 3. g3 Bg7 4. Bg2 O-O 5. d3 d5 6. O-O c5 7. Qe1 Nc6 8. Na3
Rb8 9. e4 d4 10. Nc4 b5 11. Nce5 Nxe5 12. Nxe5 Qc7 13. Bd2 Nd7 14. Nf3 Bb7 15.
g4 Rfe8 16. Qh4 c4 17. Rac1 Qb6 18. f5 f6 19. Qf2 Ne5 20. Nxe5 fxe5 21. g5 Rf8
22. Qe2 Rbc8 23. Bh3 cxd3 24. cxd3 Rxc1 25. Rxc1 Rc8 26. Qd1 Rxc1 27. Qxc1 a5
28. Qc2 a4 29. Bb4 Bf8 30. Kf1 gxf5 31. Bxf5 e6 32. Bxh7+ Kxh7 33. Bxf8 Qd8 34.
Qf2 Qxg5 35. Qf7+ Kh8 36. Bb4 Qc1+ 37. Be1 Qf4+ 38. Qxf4 exf4 39. Bb4 Kg7 40.
Bd6 Kf6 41. Bxf4 e5 42. Bd2 Bc8 43. Kf2 Bg4 44. h4 Bh5 45. Ba5 Bf7 46. a3 Bh5
1/2-1/2

[Event "13sen.WMH 2003 Senioren"]
[Site "Bad Zwischenahn(17.11.-29.11.2003)"]
[Date "2003.??.??"]
[Round "5.27"]
[White "Hobusch, Werner"]
[Black "Dornieden, Manfred,Prof.Dr."]
[Result "0-1"]
[WhiteElo "2140"]
[BlackElo "2265"]
[PlyCount "102"]


1. e4 c5 2. Nf3 e6 3. d4 cxd4 4. Nxd4 a6 5. Bc4 Qc7 6. Bb3 Nf6 7. Qd3 Nc6 8.
Nc3 Nxd4 9. Qxd4 Bc5 10. Qd1 b5 11. Bg5 Bb7 12. Qf3 Bd4 13. Bxf6 Bxf6 14. O-O
Bxc3 15. bxc3 O-O 16. a4 f5 17. axb5 fxe4 18. Qe2 axb5 19. Qxb5 Rxa1 20. Rxa1
Qxc3 21. Qa5 Qd4 22. Qe1 Bc6 23. Rd1 Qc5 24. Qe3 Qxe3 25. fxe3 Kf7 26. Rf1+ Ke7
27. Rxf8 Kxf8 28. Kf2 Ke7 29. Kg3 Kf6 30. Kf4 e5+ 31. Kg4 d5 32. c3 Ke6 33. g3
Kd6 34. Kf5 Bd7+ 35. Kg5 Be6 36. Bd1 Kc5 37. Be2 Bh3 38. Ba6 Bd7 39. Be2 d4 40.
cxd4+ exd4 41. exd4+ Kxd4 42. Kf4 h6 43. h4 Bc6 44. Ba6 e3 45. g4 Be4 46. Be2
Bd3 47. Kf3 Bxe2+ 48. Kxe2 Ke4 49. g5 h5 50. g6 Kf4 51. Ke1 Kg4 0-1

[Event "13sen.WMH 2003 Senioren"]
[Site "Bad Zwischenahn(17.11.-29.11.2003)"]
[Date "2003.11.29"]
[Round "5.28"]
[White "Kruek, Josef"]
[Black "Klein, Manfred[40Siegb]"]
[Result "0-1"]
[WhiteElo "1991"]
[BlackElo "2137"]
[PlyCount "72"]


1. e4 c5 2. Nf3 d6 3. c3 Nf6 4. Be2 b6 5. Qa4+ Bd7 6. Qc2 Qc7 7. d4 cxd4 8.
Nxd4 g6 9. Be3 Bg7 10. Na3 O-O 11. Bf3 Nc6 12. Nab5 Qb7 13. h3 Rac8 14. g3 Nxd4
15. Nxd4 e5 16. Nb3 Bc6 17. Nd2 d5 18. exd5 Nxd5 19. Bxd5 Bxd5 20. Rg1 f5 21.
Qa4 f4 22. gxf4 exf4 23. Bd4 Bf3 24. Nxf3 Qxf3 25. Qb3+ Kh8 26. Qd1 Rfe8+ 27.
Kd2 Qc6 28. Kc2 Rcd8 29. Bxg7+ Kxg7 30. Qf1 Qa4+ 31. b3 Qe4+ 32. Kb2 Rd2+ 33.
Ka3 Re5 34. b4 a5 35. Rd1 axb4+ 36. cxb4 Qf3+ 0-1

[Event "13sen.WMH 2003 Senioren"]
[Site "Bad Zwischenahn(17.11.-29.11.2003)"]
[Date "2003.11.17"]
[Round "5.29"]
[White "Szczepaniec, Stanislaw"]
[Black "Goy, Udo"]
[Result "0-1"]
[WhiteElo "2085"]
[BlackElo "2265"]
[PlyCount "68"]


1. c4 g6 2. d4 Nf6 3. Nc3 Bg7 4. e4 d6 5. Be2 c6 6. Bg5 O-O 7. Qd2 Nbd7 8. f4
e5 9. fxe5 dxe5 10. d5 h6 11. Be3 Ng4 12. Bxg4 Qh4+ 13. g3 Qxg4 14. Bxh6 cxd5
15. Bxg7 Kxg7 16. cxd5 Nf6 17. Qe2 Qg5 18. Nf3 Qh5 19. O-O-O Bg4 20. Rd3 Rfc8
21. Kb1 Rc4 22. Rf1 b5 23. a3 a5 24. Re3 Rac8 25. Qf2 Bh3 26. Rfe1 Ng4 27. Qd2
Nxe3 28. Qxe3 b4 29. axb4 axb4 30. Nd2 bxc3 31. Nxc4 Rxc4 32. Rc1 Bg2 33. b3
Bxe4+ 34. Ka2 Qxh2+ 0-1

[Event "13sen.WMH 2003 Senioren"]
[Site "Bad Zwischenahn(17.11.-29.11.2003)"]
[Date "2003.11.29"]
[Round "5.30"]
[White "Sawadkuhi, Massoud Amir"]
[Black "Kaner, Klim"]
[Result "1-0"]
[WhiteElo "2211"]
[BlackElo "1911"]
[PlyCount "37"]


1. e4 g6 2. d4 Bg7 3. Nf3 d6 4. Nc3 Nc6 5. d5 Ne5 6. Nxe5 Bxe5 7. Be2 f5 8.
exf5 Bxf5 9. Bb5+ Bd7 10. Bc4 Bxc3+ 11. bxc3 b5 12. Be2 c5 13. O-O c4 14. Re1
Nf6 15. Bh6 Rg8 16. Bf3 Kf7 17. Bg5 Qa5 18. Qd4 Qb6 19. Rxe7+ 1-0

[Event "13sen.WMH 2003 Senioren"]
[Site "Bad Zwischenahn(17.11.-29.11.2003)"]
[Date "2003.11.29"]
[Round "5.31"]
[White "Lotsov Har-Zahav, Avraham"]
[Black "Neese, Hans-Joachim"]
[Result "1/2-1/2"]
[WhiteElo "2034"]
[BlackElo "2132"]
[PlyCount "35"]


1. d4 Nf6 2. c4 e6 3. Nc3 d5 4. cxd5 exd5 5. Bg5 c6 6. Qc2 Be7 7. Nf3 Nbd7 8.
e3 O-O 9. Bd3 Re8 10. O-O h6 11. Bh4 Ne4 12. Bxe7 Qxe7 13. b4 Ndf6 14. b5 Bd7
15. bxc6 Bxc6 16. Ne5 Rac8 17. Rfc1 Nd6 18. Qb2 1/2-1/2

[Event "13sen.WMH 2003 Senioren"]
[Site "Bad Zwischenahn(17.11.-29.11.2003)"]
[Date "2003.11.29"]
[Round "5.32"]
[White "Tchetchelnitski, Boris"]
[Black "Fritsch, Juergen,Dr."]
[Result "1-0"]
[WhiteElo "2139"]
[BlackElo "1851"]
[PlyCount "67"]


1. Nf3 d5 2. d4 Bf5 3. c4 Bxb1 4. Rxb1 c6 5. cxd5 Qxd5 6. a3 Nd7 7. e3 e6 8.
Bd3 Ngf6 9. O-O Be7 10. b4 a6 11. Qc2 O-O 12. e4 Qh5 13. Be2 Rad8 14. e5 Nd5
15. Ng5 Qg6 16. Bd3 Qh5 17. Nxh7 Rfe8 18. f4 g6 19. Ng5 Bxg5 20. fxg5 Kg7 21.
Qf2 Re7 22. Be2 Qh7 23. Rb3 Rh8 24. Rh3 Qg8 25. Rf3 N7b6 26. Bd3 Rd7 27. h3 Rh7
28. Qc2 Rh4 29. Qf2 Rh7 30. h4 Kf8 31. g3 Ke8 32. Qc2 Rg7 33. Bd2 Qf8 34. Bxg6
1-0

[Event "13sen.WMH 2003 Senioren"]
[Site "Bad Zwischenahn(17.11.-29.11.2003)"]
[Date "2003.11.29"]
[Round "5.33"]
[White "Simon, Eberhard[30Berlin]"]
[Black "Hohler, Peter"]
[Result "0-1"]
[WhiteElo "1773"]
[BlackElo "2168"]
[PlyCount "58"]


1. e4 e5 2. Nf3 Nc6 3. Bb5 a6 4. Ba4 Nf6 5. O-O Be7 6. d4 exd4 7. Re1 O-O 8. e5
Ne8 9. Nxd4 Nxd4 10. Qxd4 b5 11. Bb3 c5 12. Qe4 Rb8 13. c3 d6 14. Bf4 c4 15.
Bc2 g6 16. Qe2 Be6 17. Nd2 Qc7 18. Nf3 dxe5 19. Nxe5 Bd6 20. Rad1 Rd8 21. Qf3
Ng7 22. Qc6 Nh5 23. Rxd6 Qxd6 24. Qxd6 Rxd6 25. Nxf7 Rd7 26. Nh6+ Kg7 27. Rxe6
Nxf4 28. g3 Nh3+ 29. Kg2 Rxf2+ 0-1

[Event "13sen.WMH 2003 Senioren"]
[Site "Bad Zwischenahn(17.11.-29.11.2003)"]
[Date "2003.11.29"]
[Round "5.34"]
[White "Hirsch, Adolf,jr.[40AUT]"]
[Black "Stuerzenbaum, Arthur"]
[Result "1/2-1/2"]
[WhiteElo "2042"]
[BlackElo "2186"]
[PlyCount "46"]


1. Nf3 Nf6 2. c4 d6 3. g3 g6 4. Bg2 Bg7 5. O-O O-O 6. d4 Nbd7 7. Qc2 e5 8. Rd1
Qe7 9. b3 Re8 10. Nc3 c6 11. e4 exd4 12. Nxd4 Nc5 13. f3 Nfd7 14. Rb1 a5 15. a3
Ne5 16. Nce2 a4 17. b4 Ne6 18. Kh1 Nxd4 19. Nxd4 Be6 20. Nxe6 fxe6 21. Bb2 Nf7
22. Bxg7 Kxg7 23. Rd2 Red8 1/2-1/2

[Event "13sen.WMH 2003 Senioren"]
[Site "Bad Zwischenahn(17.11.-29.11.2003)"]
[Date "2003.11.29"]
[Round "5.35"]
[White "Krueger, Erich"]
[Black "Schober, Manfred"]
[Result "1-0"]
[WhiteElo "2140"]
[BlackElo "1837"]
[PlyCount "64"]


1. d4 d5 2. c4 dxc4 3. Nf3 Nf6 4. Nc3 a6 5. e4 c5 6. d5 e6 7. d6 e5 8. Nxe5
Bxd6 9. Nxc4 Bc7 10. Qxd8+ Kxd8 11. Bg5 Be6 12. O-O-O+ Nbd7 13. e5 h6 14. Be3
Ng4 15. Bxc5 Ngxe5 16. Nb6 Bxb6 17. Bxb6+ Ke7 18. Bc7 Rac8 19. Bd6+ Kf6 20. Kb1
Bf5+ 21. Ka1 Rhe8 22. Nd5+ Kg6 23. Ne7+ Rxe7 24. Bxe7 Ng4 25. Bh4 Rc2 26. Bd3
Bxd3 27. Rxd3 Nde5 28. Rc3 Rd2 29. f3 Nxh2 30. Bg3 Nhg4 31. fxg4 Nxg4 32. Rg1
Nf6 1-0

[Event "13sen.WMH 2003 Senioren"]
[Site "Bad Zwischenahn(17.11.-29.11.2003)"]
[Date "2003.11.29"]
[Round "5.36"]
[White "Rodemann, Edmund"]
[Black "Rudnik, Heinz"]
[Result "1/2-1/2"]
[WhiteElo "1801"]
[BlackElo "1996"]
[PlyCount "25"]


1. e4 c5 2. c3 e6 3. d4 d5 4. e5 Nc6 5. Nf3 Nge7 6. Na3 Nf5 7. Nc2 Be7 8. Bd3
g6 9. dxc5 Bxc5 10. O-O Bd7 11. Bg5 Be7 12. Bxe7 Nfxe7 13. Qd2 1/2-1/2

[Event "13sen.WMH 2003 Senioren"]
[Site "Bad Zwischenahn(17.11.-29.11.2003)"]
[Date "2003.11.29"]
[Round "5.37"]
[White "Hamm, Georg,Dr."]
[Black "Ragsch, Klaus"]
[Result "1/2-1/2"]
[WhiteElo "2025"]
[BlackElo "1873"]
[PlyCount "77"]


1. d3 e5 2. g3 Nf6 3. Bg2 Nc6 4. Nd2 d6 5. Ngf3 Be7 6. c3 O-O 7. b4 Re8 8. O-O
Bd7 9. Bb2 Qc8 10. b5 Nd8 11. c4 Bh3 12. c5 Bxg2 13. Kxg2 Qd7 14. a4 Ne6 15.
cxd6 cxd6 16. Nc4 Nc5 17. Ba3 Rac8 18. Nfd2 Qg4 19. h3 Qe6 20. Bb2 Nd5 21. Nb3
Qg6 22. Nxc5 Rxc5 23. Ba3 Rc7 24. e4 Nc3 25. Qc2 Nxe4 26. dxe4 Rec8 27. Rac1
Rxc4 28. Qxc4 Rxc4 29. Rxc4 h5 30. Re1 Kh7 31. Rc7 Bd8 32. Rd7 Ba5 33. Re2 Qe6
34. Rxd6 Qc4 35. Re3 Bb4 36. Bxb4 Qxb4 37. Rd7 Qxa4 38. Rxb7 f6 39. h4 1/2-1/2

[Event "13sen.WMH 2003 Senioren"]
[Site "Bad Zwischenahn(17.11.-29.11.2003)"]
[Date "2003.11.29"]
[Round "5.38"]
[White "Waisberg, Arnold"]
[Black "Gudat, Alfons"]
[Result "1-0"]
[WhiteElo "2014"]
[BlackElo "1986"]
[PlyCount "49"]


1. e4 c5 2. d4 cxd4 3. Nf3 Nf6 4. e5 Nd5 5. Qxd4 e6 6. c4 Nc6 7. Qe4 f5 8. exf6
Nxf6 9. Qc2 Bc5 10. Nc3 O-O 11. Be2 d5 12. O-O Nd4 13. Nxd4 Bxd4 14. cxd5 exd5
15. Bg5 Be6 16. Nb5 Bb6 17. Rad1 Rc8 18. Qa4 Qd7 19. Qh4 Ne4 20. Bd3 Nxg5 21.
Qxg5 Bf5 22. Qd2 Bxd3 23. Qxd3 Qf5 24. Qxf5 Rxf5 25. Nd6 1-0

[Event "13sen.WMH 2003 Senioren"]
[Site "Bad Zwischenahn(17.11.-29.11.2003)"]
[Date "2003.11.29"]
[Round "5.39"]
[White "Delander, Adolf"]
[Black "Trifunovic, Dusan"]
[Result "1/2-1/2"]
[WhiteElo "2006"]
[BlackElo "1869"]
[PlyCount "26"]


1. d4 d5 2. Nf3 Nc6 3. Bf4 Bg4 4. e3 e6 5. Be2 Bd6 6. Bxd6 cxd6 7. O-O Nf6 8.
Nbd2 O-O 9. c4 dxc4 10. Nxc4 d5 11. Nce5 Nxe5 12. Nxe5 Bxe2 13. Qxe2 Nd7
1/2-1/2

[Event "13sen.WMH 2003 Senioren"]
[Site "Bad Zwischenahn(17.11.-29.11.2003)"]
[Date "2003.11.29"]
[Round "5.40"]
[White "Thielemann, Joachim"]
[Black "Ousatchi, Mark"]
[Result "0-1"]
[WhiteElo "1838"]
[BlackElo "2041"]
[PlyCount "75"]


1. e4 e5 2. Nc3 Nc6 3. g3 Nf6 4. Bg2 Bc5 5. Nge2 O-O 6. O-O a6 7. d3 d6 8. Bg5
h6 9. Bxf6 Qxf6 10. Nd5 Qd8 11. Kh1 Bg4 12. f3 Be6 13. c4 Nd4 14. Rb1 a5 15. a3
a4 16. Nxd4 Bxd4 17. Qc2 c6 18. Nc3 Qa5 19. Ne2 Bc5 20. f4 f6 21. f5 Bf7 22.
Nc3 Rfc8 23. Bf3 b5 24. Be2 Bd4 25. Rfd1 Be3 26. Re1 Qa7 27. Bf1 Bf2 28. Re2
Bd4 29. Na2 d5 30. cxd5 cxd5 31. Nc3 Qc5 32. Bg2 Bxc3 33. bxc3 d4 34. c4 bxc4
35. dxc4 Qxa3 36. Ree1 Rxc4 37. Qd1 Rb4 38. Rc1 0-1

[Event "13sen.WMH 2003 Senioren"]
[Site "Bad Zwischenahn(17.11.-29.11.2003)"]
[Date "2003.11.29"]
[Round "5.41"]
[White "Ballon, Guenther Jan"]
[Black "Wiesner, Werner"]
[Result "1-0"]
[WhiteElo "2156"]
[BlackElo "2031"]
[PlyCount "67"]


1. d4 d5 2. c4 dxc4 3. Nf3 Nf6 4. e3 Nbd7 5. Bxc4 Nb6 6. Bb3 Bf5 7. Nc3 e6 8.
O-O Be7 9. Qe2 O-O 10. e4 Bg4 11. Rd1 c6 12. h3 Bh5 13. Bf4 Re8 14. Rac1 Nfd7
15. a3 Bxf3 16. Qxf3 Bg5 17. d5 exd5 18. exd5 Bxf4 19. Qxf4 Qf6 20. Qxf6 Nxf6
21. dxc6 bxc6 22. Rd6 Rec8 23. Na4 Nxa4 24. Bxa4 c5 25. Rd2 Rc7 26. Rc4 a5 27.
b4 axb4 28. axb4 Kf8 29. bxc5 Rxc5 30. Rxc5 Ne4 31. Ra5 Rxa5 32. Rd8+ Ke7 33.
Re8+ Kf6 34. Rxe4 1-0

[Event "13sen.WMH 2003 Senioren"]
[Site "Bad Zwischenahn(17.11.-29.11.2003)"]
[Date "2003.11.29"]
[Round "5.42"]
[White "Neumann, Horst[38Koblenz]"]
[Black "Winiwarter, Felix,Dr."]
[Result "1/2-1/2"]
[WhiteElo "1864"]
[BlackElo "2244"]
[PlyCount "58"]


1. d4 Nf6 2. Nf3 g6 3. Bg5 Bg7 4. Nbd2 d5 5. e3 O-O 6. Be2 Nbd7 7. O-O b6 8. c4
dxc4 9. Bxc4 Bb7 10. Rc1 c5 11. Qe2 Rc8 12. Rfd1 cxd4 13. Nxd4 Rc5 14. N2f3 Qa8
15. b4 Rcc8 16. Ba6 Nd5 17. Bxb7 Qxb7 18. Qd2 N7f6 19. Bxf6 Nxf6 20. b5 Ne4 21.
Qb4 Rxc1 22. Rxc1 Nc5 23. Rb1 Qd5 24. Qa3 Rd8 25. h3 Rd7 26. Nc6 e5 27. Nb8 Rb7
28. Nc6 Rd7 29. Nb8 Rb7 1/2-1/2

[Event "13sen.WMH 2003 Senioren"]
[Site "Bad Zwischenahn(17.11.-29.11.2003)"]
[Date "2003.11.29"]
[Round "5.43"]
[White "Voelkel, Gustav"]
[Black "Haupt, Joachim"]
[Result "1/2-1/2"]
[WhiteElo "1572"]
[BlackElo "1755"]
[PlyCount "45"]


1. d4 Nf6 2. Nf3 e6 3. e3 c5 4. Bd3 cxd4 5. exd4 Nc6 6. c3 Be7 7. Nbd2 O-O 8.
O-O d5 9. Re1 Bd7 10. Qe2 Qc7 11. Ne5 Bd6 12. Ndf3 Rae8 13. Bg5 Be7 14. Bxf6
Bxf6 15. Nxd7 Qxd7 16. Ne5 Bxe5 17. dxe5 a6 18. Qh5 h6 19. Re3 Re7 20. Rg3 f5
21. exf6 Rxf6 22. Rg6 Ref7 23. Re1 1/2-1/2

[Event "13sen.WMH 2003 Senioren"]
[Site "Bad Zwischenahn(17.11.-29.11.2003)"]
[Date "2003.11.29"]
[Round "5.45"]
[White "Daniel, Wolfgang"]
[Black "Rubinstein, Mark"]
[Result "1-0"]
[WhiteElo "1930"]
[BlackElo "1938"]
[PlyCount "57"]


1. e4 e6 2. d3 d5 3. Nd2 c5 4. g3 Nc6 5. Ngf3 Nf6 6. Bg2 b6 7. O-O Bb7 8. e5
Nd7 9. Re1 Qc7 10. Qe2 Ba6 11. Nf1 g6 12. h4 O-O-O 13. a3 Bg7 14. Bf4 b5 15. c3
Qb6 16. b4 c4 17. N1d2 Qb7 18. dxc4 dxc4 19. Ne4 Bf8 20. Rad1 Qc7 21. Nd6+ Bxd6
22. exd6 Qb6 23. Be3 Qb8 24. Ng5 Nce5 25. Bd4 f6 26. Nxe6 Rdg8 27. Bxe5 fxe5
28. Nc5 Qb6 29. Bh3 1-0

[Event "13sen.WMH 2003 Senioren"]
[Site "Bad Zwischenahn(17.11.-29.11.2003)"]
[Date "2003.11.29"]
[Round "5.46"]
[White "Bomert, Egon"]
[Black "Szymaniak, Horst"]
[Result "1-0"]
[WhiteElo "1942"]
[BlackElo "2007"]
[PlyCount "85"]


1. Nf3 Nf6 2. d4 e6 3. g3 d5 4. Bg2 c5 5. c3 Nc6 6. O-O Be7 7. Bg5 Qb6 8. b3
Ne4 9. Bxe7 Kxe7 10. e3 h5 11. Nfd2 f5 12. Nxe4 dxe4 13. f3 exf3 14. Bxf3 h4
15. Nd2 hxg3 16. hxg3 Qc7 17. Kg2 Bd7 18. Rh1 g5 19. Nc4 b5 20. Ne5 g4 21. Ng6+
Kf6 22. Rxh8 Rxh8 23. Nxh8 gxf3+ 24. Kf2 Qd8 25. Qh1 Kg7 26. Qxf3 cxd4 27. Rh1
Ne5 28. Qh5 Ng4+ 29. Ke2 d3+ 30. Kd2 Be8 31. Qh7+ Kf8 32. Ng6+ Bxg6 33. Qxg6
Qf6 34. Qxf6+ Nxf6 35. Rh8+ Kg7 36. Ra8 Ne4+ 37. Kxd3 a6 38. b4 e5 39. Rxa6
Nxg3 40. Rb6 f4 41. exf4 exf4 42. Rxb5 Kf6 43. a4 1-0

[Event "13sen.WMH 2003 Senioren"]
[Site "Bad Zwischenahn(17.11.-29.11.2003)"]
[Date "2003.11.29"]
[Round "5.50"]
[White "Meinhardt, Guenther"]
[Black "Gohlke, Karl-Heinz"]
[Result "1/2-1/2"]
[WhiteElo "1737"]
[BlackElo "1880"]
[PlyCount "21"]


1. Nf3 f5 2. c4 Nf6 3. g3 g6 4. Bg2 Bg7 5. O-O O-O 6. d4 c6 7. d5 d6 8. Nc3 e5
9. dxe6 Bxe6 10. Qb3 Qb6 11. Ng5 1/2-1/2

[Event "13sen.WMH 2003 Senioren"]
[Site "Bad Zwischenahn(17.11.-29.11.2003)"]
[Date "2003.11.29"]
[Round "5.53"]
[White "Werchan, Hans,Dr."]
[Black "Pitro, Erwin"]
[Result "1/2-1/2"]
[WhiteElo "2022"]
[BlackElo "1947"]
[PlyCount "62"]


1. Nf3 g6 2. c4 Bg7 3. d4 d6 4. Nc3 c6 5. e4 Nh6 6. h3 f6 7. Bd3 Nf7 8. Be3 e5
9. Qc2 Na6 10. a3 Nc7 11. d5 c5 12. b4 b6 13. O-O O-O 14. Rab1 Bh6 15. Nd1 Bxe3
16. Nxe3 Na6 17. Kh2 Bd7 18. g4 Qe7 19. b5 Nc7 20. Rg1 Kh8 21. a4 a5 22. Rg3
Ne8 23. Rh1 Ng7 24. Kg1 Rg8 25. Kf1 Raf8 26. Ke1 Nd8 27. h4 Qf7 28. Rhg1 Ne8
29. Bf1 Ng7 30. Bh3 Qe7 31. Rh1 Nf7 1/2-1/2

[Event "13sen.WMH 2003 Senioren"]
[Site "Bad Zwischenahn(17.11.-29.11.2003)"]
[Date "2003.??.??"]
[Round "5.58"]
[White "Bardin, Christian"]
[Black "Aigner, Georg"]
[Result "1-0"]
[WhiteElo "1763"]
[BlackElo "1806"]
[PlyCount "120"]


1. e4 e5 2. Nf3 Nc6 3. Nc3 Nf6 4. Bb5 d6 5. d4 exd4 6. Nxd4 Bd7 7. Bxc6 Bxc6 8.
Nxc6 bxc6 9. O-O Be7 10. Bf4 O-O 11. Qf3 Nd7 12. Rfe1 Rb8 13. b3 Bf6 14. Rad1
Re8 15. Bg3 Re6 16. Ne2 Be5 17. Nd4 Bxd4 18. Rxd4 Qe7 19. Qd1 c5 20. Ra4 Ra8
21. f4 g6 22. f5 gxf5 23. exf5 Rxe1+ 24. Qxe1 Qxe1+ 25. Bxe1 Ne5 26. Bc3 f6 27.
Kf2 Kf7 28. h3 Nd7 29. Rh4 Rh8 30. Ba5 c6 31. Ra4 Ra8 32. Bc7 Ke7 33. Ra6 Ne5
34. Bb6 Kd7 35. Ra4 a6 36. Ba5 d5 37. Rh4 Rh8 38. Rh6 Ke7 39. g4 Nf7 40. Rh5
Kd6 41. Bd2 Ke5 42. Kf3 d4 43. Bf4+ Kd5 44. g5 fxg5 45. Bxg5 Ne5+ 46. Kf4 d3
47. cxd3 Nxd3+ 48. Kf3 Rg8 49. Be7 Ne5+ 50. Kf4 Nd3+ 51. Kf3 Ne5+ 52. Kf4 Rg1
53. f6 Rf1+ 54. Ke3 Ke6 55. Rxh7 Ra1 56. Bxc5 Rxa2 57. Bd4 Nf7 58. Rh4 Ra3 59.
Re4+ Kd5 60. Bc3 Rxb3 1-0

[Event "13sen.WMH 2003 Senioren"]
[Site "Bad Zwischenahn(17.11.-29.11.2003)"]
[Date "2003.11.29"]
[Round "5.64"]
[White "Roth, Reinhard"]
[Black "Titz, Herbert"]
[Result "1/2-1/2"]
[WhiteElo "1827"]
[BlackElo "1949"]
[PlyCount "33"]


1. e4 g6 2. d4 Bg7 3. Nf3 c5 4. c3 b6 5. Be2 d6 6. O-O Bb7 7. Nbd2 Nh6 8. Re1
O-O 9. Bc4 Qc7 10. a4 Nc6 11. d5 Ne5 12. Nxe5 Bxe5 13. Nf1 Bg7 14. f4 Bc8 15.
h3 Kh8 16. Qe2 f6 17. Nh2 1/2-1/2

[Event "13sen.WMH 2003 Senioren"]
[Site "Bad Zwischenahn(17.11.-29.11.2003)"]
[Date "2003.11.29"]
[Round "5.69"]
[White "Rychlik, Kurt"]
[Black "Feldmann, Klaus[39Varel]"]
[Result "1-0"]
[WhiteElo "1868"]
[BlackElo "1829"]
[PlyCount "67"]


1. d4 d6 2. c4 Nf6 3. Nc3 Bg4 4. f3 Bd7 5. e4 e5 6. Nge2 c6 7. Be3 Na6 8. Qd2
b5 9. Ng3 b4 10. Nd1 c5 11. d5 Be7 12. Be2 O-O 13. O-O Qc8 14. Nf2 Ne8 15. f4
exf4 16. Bxf4 Bf6 17. Rae1 Bd4 18. Kh1 f6 19. Bd3 Be5 20. Nf5 Bxf5 21. exf5 Qd7
22. Ng4 Nac7 23. Qf2 Qf7 24. Ne3 a5 25. g4 g5 26. fxg6 hxg6 27. Qc2 Kg7 28. Be4
Rd8 29. Ng2 Rh8 30. Qf2 Qe7 31. Bd3 g5 32. Bxe5 fxe5 33. Ne3 Qf6 34. Qe2 1-0

[Event "13sen.WMH 2003 Senioren"]
[Site "Bad Zwischenahn(17.11.-29.11.2003)"]
[Date "2003.??.??"]
[Round "5.88"]
[White "Michaelis, Ernst"]
[Black "Broberg, Horst"]
[Result "1-0"]
[WhiteElo "1820"]
[BlackElo "1958"]
[PlyCount "55"]


1. e4 e6 2. d4 d5 3. e5 c5 4. c3 Nc6 5. Nf3 Bd7 6. Be2 f6 7. O-O fxe5 8. Nxe5
Nxe5 9. dxe5 Qc7 10. f4 Ne7 11. a4 Nc6 12. Na3 a6 13. Nc2 Be7 14. Bd3 O-O-O 15.
Qe1 g6 16. Kh1 Na5 17. Be3 Nb3 18. Ra2 Bc6 19. Na1 Na5 20. Bg1 Qd7 21. b4 cxb4
22. cxb4 Nc4 23. b5 axb5 24. axb5 Bxb5 25. Bxc4 Bxc4 26. Ra8+ Kc7 27. Qa5+ Kc6
28. Qb6# 1-0

[Event "13sen.WMH 2003 Senioren"]
[Site "Bad Zwischenahn(17.11.-29.11.2003)"]
[Date "2003.11.29"]
[Round "5.89"]
[White "Rettler, Heinz"]
[Black "Gensch, Manfred"]
[Result "1-0"]
[WhiteElo "1879"]
[BlackElo "1761"]
[PlyCount "55"]


1. e4 c5 2. Nf3 Nc6 3. d4 cxd4 4. Nxd4 Nf6 5. Nc3 e5 6. Ndb5 d6 7. Bg5 a6 8.
Na3 b5 9. Bxf6 gxf6 10. Nd5 Bg7 11. Bd3 Be6 12. c4 Bxd5 13. cxd5 Nd4 14. O-O
Rc8 15. Nc2 Nxc2 16. Bxc2 Qc7 17. Bd3 Qb6 18. Kh1 Bh6 19. Qh5 Bf8 20. Qf5 Qd8
21. Rac1 Rc5 22. b4 Rxc1 23. Rxc1 Qd7 24. Rc8+ Ke7 25. Qxd7+ Kxd7 26. Ra8 Bg7
27. Rxa6 Rb8 28. Ra5 1-0